Feldhockey-Weltmeister der Damen - Statistiken

Allgemein
  • Dieses Quiz wurde 158 mal gespielt
  • Das Durchschnittsergebnis liegt bei 12 aus 14
Antwortstatistiken
Jahr Weltmeister % Korrekt
1974 Niederlande
96%
1978 Niederlande
96%
1983 Niederlande
96%
1986 Niederlande
96%
1990 Niederlande
96%
2006 Niederlande
96%
2014 Niederlande
96%
2018 Niederlande
96%
1976 BR Deutschland
88%
1981 BR Deutschland
88%
1994 Australien
83%
1998 Australien
83%
2002 Argentinien
55%
2010 Argentinien
55%
Keine übereinstimmenden Quizze gefunden
Verteilung der Resultate
Anzahl Personen mit jedem Resultat
Perzentil nach korrekt beantworteten Fragen
Ihre Resultats-Entwicklung
Sie haben dieses Quiz noch nicht gespielt